000 00568nam a2200217Ia 4500
003 OSt
005 20230502103833.0
008 210423s2010 xx 000 0 und d
020 _a9788126913060
040 _cAL
041 _aeng
082 _a820 SINS
100 _aSINHA (Sunita).
_984576
245 _aNew perspectives in British literature.
260 _aNew Delhi
_bAtlantic Publishers and Distributors
_c2010
300 _axvi,327
_bHB
365 _b795
_cINR
440 _v1
906 _abritish ; literature. ; New ; perspectives
942 _2ddc
_cBK
999 _c158244
_d158244